Synapses - Statistics

General Stats
  • This quiz has been taken 17 times
  • The average score is 3 of 15
Answer Stats
Hint Answer % Correct
What is the name given to a type of neurotransmitter that travels back across the synapse to bind to the presynaptic axon? Retrograde messenger
60%
What does IPSP stand for in reference to the CNS? Inhibitory Post-Synaptic Potential
40%
What is the name given to a receptor cell that immediately synapses with a second order cell to transfer its information to the CNS, and generally generates a graded potential? Short receptor
40%
Which of the following 3 types of receptor is an example of the above? Cutaneous, olfaction, taste? Taste
40%
On the axon? Axo-axonic
20%
On the dendrites? Axodendritic
20%
What is the name for the specialised area of a neuron where an action potential is initiated? Axon hillock
20%
Synapses can occur at various places along a neurons body, what is the name for one that synapses on the soma? Axosomatic
20%
What is the term for when multiple neurons synapse onto one neuron? Convergence
20%
What is the term for when one neuron synapses with numerous others? Divergence
20%
What constant of a nerve is proportional to the square root of its diameter? Space/length
20%
What type of inhibition is when the pathway to the antagonist is inhibited when the agonist is stimulated? Feedforward
0%
What type of channel needs to be activated for bursting to occur? Low threshold calcium
0%
When an inhibitory synapse is located closer to the cell body than an excitatory, and leads to a vast proportion of the excitatory current leaing the cell before reaching the soma it is equivalent to division and is called? Shunting inhibition
0%
What is the name for neurons that are close to where action potentials are being stimulated and so may be excited but not to firing threshold? Subliminal fringe
0%
No matching quizzes found
Score Distribution
Percent of People with Each Score
Percentile by Number Answered
Your Score History
You have not taken this quiz